Loading...
| Science - Chemistry | 0 | 4 | 1 | 0 | 35 | 23 | 41.75 | 3 | 4 | 0.00 | 0.00 |
| Fine Arts - Other | 0 | 3 | 0 | 1 | 30 | 121 | 126.67 | 0 | 1 | 0.00 | 0.00 |
| Social Science | 0 | 3 | 0 | 1 | 30 | 36 | 73.00 | 0 | 1 | 0.00 | 0.00 |
| Literature - British | 0 | 2 | 0 | 1 | 20 | 130 | 140.50 | 0 | 0 | 0.00 | 0.00 |
| Literature - World | 0 | 1 | 0 | 1 | 10 | 134 | 134.00 | 0 | 0 | 0.00 | 0.00 |
| Fine Arts - Painting and Sculpture | 0 | 1 | 0 | 0 | 10 | 73 | 73.00 | 0 | 1 | 0.00 | 0.00 |
| Fine Arts - Classical Music | 0 | 1 | 0 | 0 | 10 | 103 | 103.00 | 0 | 0 | 0.00 | 0.00 |
| Science - Biology | 0 | 1 | 0 | 0 | 10 | 76 | 76.00 | 0 | 0 | 0.00 | 0.00 |
| Religion | 0 | 0 | 3 | 0 | -15 | 0.00 | 0 | 0 | 0.00 | 0.00 |